| 000 | 00827nam a2200277 a 4500 | ||
|---|---|---|---|
| 008 | |||
| 020 | _a0397511175 (hbk.) | ||
| 049 | _aMAIN | ||
| 090 | _aRE475 | ||
| 100 | 1 | _aBloom Steven M. | |
| 245 | 1 | 0 |
_aLaser surgery of the posterior segment / _cSteven M. Bloom, Alexander J. Brucker. |
| 260 |
_aNew York : _bJ.B Lippingcott, _c1990 |
||
| 300 |
_ax, 341 p. : _bill. ; _c25 cm. |
||
| 504 | _aIncludes bibliographical references. | ||
| 500 | _aIncludes index. | ||
| 650 | _aRetinal diseases-surgery | ||
| 650 | _aLight coagulation | ||
| 650 | _aLaser surgery | ||
| 650 | 1 | _aChoroid Diseases-surgery | |
| 700 | _aBrucker, Alexander J. | ||
| 907 |
_a.b10170686 _b29-09-05 _c11-08-05 |
||
| 003 | |||
| 005 | 20230120203901.0 | ||
| 040 | _cNUST | ||
| 942 |
_cBOOKS _kRE475 |
||
| 999 |
_c113207 _d113207 |
||